Responses for Show #3690 - Friday, September 22, 2000

Andrew Garen game 3.

Contestants

[<< previous game]

Daniel Ellis, a graduate student from New Orleans, Louisiana

Stephanie Overby, an online journalist from Boston, Massachusetts

Andrew Garen, a project manager from Mamaroneck, New York (whose 2-day cash winnings total $24,500)

[next game >>]

Jeopardy! Round responses

IN A PIG'S EYE!
BALDER-DASH!
RUBBISH!
TOMMY ROT!
FIDDLESTICKS!
"PH"OOEY!
    $100 11
Pupil

Andrew
    $100 21
Odin

Andrew
    $100 15
(Alex: Do you have one?)
(Stephanie: No, I don't.)
(Alex: Neither do I - I just like to stuff the garbage myself by hand!)

Trash compactor

Stephanie
    $100 1
Thomas Edison

Stephanie
    $100 26
Paris

Triple Stumper
    $100 6
Pharmacy

Stephanie
    $200 12
Sty

Andrew
    $200 22
Cried

Daniel
    $200 16
a Dumpster

Stephanie
    $200 2
Thomas Jefferson

Andrew
    $200 27
Ebony

Stephanie
    $200 7
Phil

Stephanie
    $300 13
Retina

Triple Stumper
    $300 23
Iceland

Daniel
    $300 17
Litter

Stephanie
    $300 3
Thomas Gainsborough

Triple Stumper
    $300 28
Scales

Stephanie
    $300 8
Phase

Stephanie
    $400 14
Tear ducts/glands

Stephanie
    $400 24
Pyre

Daniel
    $600 18
(S: No response)

Garbo (as in Greta)

Stephanie
    $400 4
Tommy Dorsey

Daniel
    $400 29
(A: What is a cat?)

Horse

AndrewDaniel
    $400 9
a pheasant

Stephanie
    $500 20
Vitreous humor

Triple Stumper
    $500 25
Loki

Andrew
    $500 19
Scow

Andrew
    $500 5
Thomas Mann

Andrew
    $500 30
Rosin

Andrew
    $500 10
Physiology

Daniel

Scores at the first commercial break (after clue 15):

Andrew Stephanie Daniel
$1,000 $1,600 $900

Scores at the end of the Jeopardy! Round:

Andrew Stephanie Daniel
$2,200 $2,000 $2,200

Double Jeopardy! Round responses

MIDWESTERN CITIES
THE DIRECTOR'S CHAIR
STEINBECK
CONGRESS
THE CENTURY IN WHICH...
FOOD PHRASES
    $200 24
Michigan

Daniel
    $200 14
Penny Marshall

Andrew
    $200 8
California

Daniel
    $200 17
Supreme Court

Daniel
    $200 3
20th century

Andrew
    $200 1
Egg on your face

Andrew
    $400 25
(A: What is Chicago?)
(less than a minute...)

Cleveland

Andrew
Triple Stumper
    $400 20
John Singleton

Triple Stumper
    $400 9
(A: What is "The Pearl Fishers?")
(S: What is "The Black Pearl?")

"The Pearl"

AndrewStephanie
Triple Stumper
    $400 18
Vice president

Triple Stumper
    $400 4
18th century

Daniel
    $400 2
Salt

Daniel
    $600 26
Chicago

Daniel
    $600 21
James Cameron

Andrew
    $1,400 10
(D: What is "The Red Pony?")

"The Winter of Our Discontent"

Daniel
    $600 19
Speaker of the House

Stephanie
    $600 5
11th century

Daniel
    $1,000 11
Hash marks

Daniel
    $800 27
Lafayette

Triple Stumper
    $800 29
Ed Wood

Andrew
    $800 15
(A: Who is Moss?)

George S. Kaufman

Andrew
Triple Stumper
    $800 22
Intelligence

Daniel
    $800 6
16th century

Daniel
    $800 12
Ham it up

Daniel
    $1000 28
Davenport

Triple Stumper
    $1000 30
Ridley Scott

Triple Stumper
    $1000 16
"The Red Pony"

Andrew
    $1000 23
(Alex: If they didn't have it, the students would overrun the place.)

Library of Congress

Triple Stumper
    $1000 7
14th century

Andrew
    $1000 13
Beef it up

Stephanie

Scores at the end of the Double Jeopardy! Round:

Andrew Stephanie Daniel
$4,600 $3,200 $6,800

[wagering suggestions for these scores]

Final Jeopardy! Round responses

THE THEATRE
(Alex: I know we're going to get letters, but on Jeopardy! we have hard rules, especially when it comes to Final Jeopardy!)
StephanieWhat was?
$1,000
AndrewWhat is "Pygmalion"?
$2,200
DanielWhat is Pygmalio
$3,000
Pygmalion

Final scores:

Andrew Stephanie Daniel
$6,800 $2,200 $3,800
3-day champion: $31,300 3rd place: Blockbuster Gift Card 2nd place: Trip to Oahu, Hawaii from Yahoo! Travel

Game dynamics:

Coryat scores:

Andrew Stephanie Daniel
$4,600 $3,800 $7,800
15 R,
4 W
13 R,
2 W
(including 1 DD)
17 R
(including 1 DD),
1 W
(including 1 DD)

Combined Coryat: $16,200

[game clues] [game scores] [suggest correction]

Game tape date: 2000-08-22
The J! Archive is created by fans, for fans. Scraping, republication, monetization, and malicious use prohibited; this site may use cookies and collect identifying information. See terms. The Jeopardy! game show and all elements thereof, including but not limited to copyright and trademark thereto, are the property of Jeopardy Productions, Inc. and are protected under law. This website is not affiliated with, sponsored by, or operated by Jeopardy Productions, Inc. Join the discussion at JBoard.tv.